[Event "BRA-ch Regional Centro Oeste"]
[Site "Brasilia"]
[Date "2016.08.14"]
[Round "6.10"]
[White "Oliveira, Jose Irio Rodrigues"]
[Black "Labussiere, Victor"]
[Result "1/2-1/2"]
[WhiteElo "1922"]
[BlackElo "1686"]
[PlyCount "37"]
[EventDate "2016.08.12"]
[EventType "swiss"]
[EventRounds "6"]
[EventCountry "BRA"]
[SourceTitle "EXT 2022"]
[Source "ChessBase"]
[SourceDate "2021.10.06"]
[SourceVersion "1"]
[SourceVersionDate "2021.10.06"]
[SourceQuality "1"]

1. c4 g6 2. Nf3 Bg7 3. Nc3 d6 4. g3 e5 5. Bg2 f5 6. d3 Nf6 7. Bg5 Nbd7 8. e4 h6 9. Bd2 Nc5 10. Qc2 fxe4 11. Nxe4 Nfxe4 12. dxe4 a5 13. 0-0 0-0 14. a3 a4 15. Be3 b6 16. Qd2 Kh7 17. Bxc5 bxc5 18. Qc2 Be6 19. Nd2 1/2-1/2

[Event "BRA-ch Center East"]
[Site "Brazil"]
[Date "2011.06.25"]
[Round "6"]
[White "Barbosa, Paulo Eduardo E Sil"]
[Black "Oliveira, Jose Irio Rodrigues"]
[Result "1-0"]
[WhiteElo "2267"]
[BlackElo "1962"]
[PlyCount "79"]
[EventDate "2011.06.22"]
[EventType "swiss"]
[EventRounds "7"]
[EventCountry "BRA"]
[SourceTitle "EXT 2013"]
[Source "ChessBase"]
[SourceDate "2012.11.22"]
[SourceVersion "1"]
[SourceVersionDate "2012.11.22"]
[SourceQuality "1"]

1. Nf3 Nf6 2. c4 d5 3. cxd5 Nxd5 4. d4 Nf6 5. Nc3 g6 6. g3 Bg7 7. Bg2 0-0 8. 0-0 Nbd7 9. e4 Nb6 10. Bf4 c6 11. Qe2 Nh5 12. Be3 Be6 13. b3 Qc8 14. Rfd1 Rd8 15. Rac1 Bg4 16. a4 Qe6 17. a5 Nd7 18. b4 Ndf6 19. h3 Bxf3 20. Bxf3 Ne8 21. Bxh5 gxh5 22. Qxh5 Nf6 23. Qh4 Kh8 24. e5 Nd5 25. Nxd5 Rxd5 26. Qg4 f5 27. Qf4 Rg8 28. Rd2 Qg6 29. Rdc2 e6 30. a6 Rb5 31. axb7 Rxb4 32. Rxc6 Rxb7 33. d5 Qh5 34. Rxe6 Qxh3 35. Rec6 a5 36. e6 Rb4 37. R6c4 Rb2 38. Bd4 Rb7 39. d6 h5 40. Qh6# 1-0

[Event "BRA-ch Center East"]
[Site "Brazil"]
[Date "2011.06.23"]
[Round "2"]
[White "Rodrigues da Silva, Evandro"]
[Black "Oliveira, Jose Irio Rodrigues"]
[Result "1-0"]
[WhiteElo "2183"]
[BlackElo "1962"]
[PlyCount "63"]
[EventDate "2011.06.22"]
[EventType "swiss"]
[EventRounds "7"]
[EventCountry "BRA"]
[SourceTitle "EXT 2013"]
[Source "ChessBase"]
[SourceDate "2012.11.22"]
[SourceVersion "1"]
[SourceVersionDate "2012.11.22"]
[SourceQuality "1"]

1. d4 f5 2. Bg5 Nf6 3. Bxf6 exf6 4. e3 d5 5. Bd3 c6 6. Ne2 Bd6 7. c4 dxc4 8. Bxc4 Qe7 9. 0-0 Be6 10. d5 Bxd5 11. Bxd5 cxd5 12. Qxd5 Qe5 13. Qxe5+ Bxe5 14. Nbc3 Nc6 15. Rfd1 Ke7 16. Nd5+ Kf7 17. f4 Bxb2 18. Rab1 Ba3 19. Rxb7+ Kg6 20. Rd3 Rhd8 21. Rc7 Na5 22. Rxa3 Rxd5 23. Nd4 Re8 24. Kf2 h5 25. Rac3 a6 26. Ra7 Rg8 27. Rcc7 Kh6 28. Rxa6 Rb8 29. Raa7 Rg8 30. h4 g5 31. Rh7+ Kg6 32. Ne6 1-0

[Event "Brasilia IRT de Carnaval"]
[Site "Brasilia"]
[Date "2011.03.08"]
[Round "8.4"]
[White "Oliveira, Jose Irio Rodrigues"]
[Black "De Paula, Luciano Alves"]
[Result "1-0"]
[WhiteElo "1934"]
[BlackElo "1733"]
[PlyCount "93"]
[EventDate "2011.03.04"]
[EventType "tourn"]
[EventRounds "9"]
[EventCountry "BRA"]
[SourceTitle "EXT 2022"]
[Source "ChessBase"]
[SourceDate "2021.10.06"]
[SourceVersion "1"]
[SourceVersionDate "2021.10.06"]
[SourceQuality "1"]

1. c4 e6 2. Nc3 d5 3. d4 Nf6 4. Nf3 c6 5. cxd5 exd5 6. Bg5 Nbd7 7. e3 Qa5 8. Bd3 Bb4 9. Qc2 0-0 10. 0-0 Re8 11. Rfd1 Ne4 12. Nxe4 dxe4 13. Bxe4 Nf8 14. Bf4 Bg4 15. h3 Bh5 16. a3 Be7 17. b4 Qb5 18. Bc7 Bxf3 19. Bxf3 Ne6 20. Bg3 Bf6 21. Rac1 Ng5 22. Be2 Qd5 23. Bc4 Qd7 24. d5 Ne4 25. Bh2 Bh4 26. f3 Nf2 27. dxc6 Qe7 28. Rf1 Qxe3 29. cxb7 Nxh3+ 30. Kh1 Rad8 31. b8Q Rxb8 32. Bxb8 Nf2+ 33. Rxf2 Bxf2 34. Bh2 Qh6 35. g4 Bg3 36. Rd1 Bxh2 37. Qxh2 Qc6 38. Bd5 Qc3 39. Be4 g6 40. Qa2 Qf6 41. Rd7 Rxe4 42. fxe4 Qf3+ 43. Qg2 Qxa3 44. Qf1 Qb3 45. e5 Qe6 46. Rd8+ Kg7 47. Qf6+ 1-0

[Event "Brasilia IRT de Carnaval"]
[Site "Brasilia"]
[Date "2011.03.06"]
[Round "3.2"]
[White "Oliveira, Jose Irio Rodrigues"]
[Black "Nascimento, Davi da Silva"]
[Result "0-1"]
[WhiteElo "1934"]
[BlackElo "2113"]
[PlyCount "86"]
[EventDate "2011.03.04"]
[EventType "tourn"]
[EventRounds "9"]
[EventCountry "BRA"]
[SourceTitle "EXT 2022"]
[Source "ChessBase"]
[SourceDate "2021.10.06"]
[SourceVersion "1"]
[SourceVersionDate "2021.10.06"]
[SourceQuality "1"]

1. c4 Nf6 2. Nf3 g6 3. g3 Bg7 4. Bg2 0-0 5. Nc3 c6 6. d4 d5 7. cxd5 Nxd5 8. e4 Nxc3 9. bxc3 c5 10. 0-0 Bg4 11. Be3 cxd4 12. cxd4 Nc6 13. Rb1 b6 14. d5 Ne5 15. Bf4 Rc8 16. Bxe5 Bxe5 17. Qa4 Bb8 18. Nd4 Qd7 19. Qa6 Rc5 20. Nc6 Qd6 21. Rfc1 Bc8 22. Qe2 e6 23. e5 Rxc1+ 24. Rxc1 Qa3 25. Qd2 Bd7 26. Rc3 Qa4 27. Ne7+ Kg7 28. d6 f6 29. Rf3 Qa5 30. exf6+ Rxf6 31. Qd4 e5 32. Qd1 Rxd6 33. Qc1 Qd2 34. Qc4 Be6 35. Qf1 Qc2 36. Re3 Rd1 37. Re1 Bc4 38. Rxd1 Bxf1 39. Rxf1 Qxa2 40. h4 a5 41. Re1 a4 42. Nc6 Bd6 43. Nxe5 Bxe5 0-1

[Event "Brasilia IRT de Carnaval"]
[Site "Brasilia"]
[Date "2011.03.04"]
[Round "2.4"]
[White "Valente, Fernando Cesar"]
[Black "Oliveira, Jose Irio Rodrigues"]
[Result "0-1"]
[WhiteElo "1628"]
[BlackElo "1934"]
[PlyCount "82"]
[EventDate "2011.03.04"]
[EventType "tourn"]
[EventRounds "9"]
[EventCountry "BRA"]
[SourceTitle "EXT 2022"]
[Source "ChessBase"]
[SourceDate "2021.10.06"]
[SourceVersion "1"]
[SourceVersionDate "2021.10.06"]
[SourceQuality "1"]

1. d4 Nf6 2. c4 e6 3. Nc3 c5 4. d5 exd5 5. cxd5 d6 6. e4 g6 7. Nf3 Bg4 8. h3 Bxf3 9. Qxf3 h6 10. Bd3 a6 11. 0-0 Bg7 12. Re1 0-0 13. Bf4 Re8 14. Rac1 b5 15. Re2 Qb6 16. Rce1 Nbd7 17. Kh1 Nh5 18. Bh2 Ne5 19. Qe3 Nd7 20. g4 Nhf6 21. Qg3 Ne5 22. Qe3 g5 23. f4 gxf4 24. Bxf4 Nfd7 25. Rd2 c4 26. Qxb6 Nxb6 27. Be2 b4 28. Nd1 a5 29. Be3 Nbd7 30. Nf2 Rac8 31. Rc2 a4 32. Rec1 b3 33. axb3 axb3 34. Rc3 Ra8 35. Bxc4 Nxc4 36. Rxc4 Bxb2 37. Rb1 Ra1 38. Rxa1 Bxa1 39. Rb4 b2 40. Nd3 Rxe4 41. Bd4 Rxd4 0-1

[Event "Brasilia Valadares Memorial"]
[Site "Brasilia"]
[Date "2011.02.20"]
[Round "3.6"]
[White "Barbosa, Edinardo Meireles"]
[Black "Oliveira, Jose Irio Rodrigues"]
[Result "0-1"]
[WhiteElo "1815"]
[BlackElo "1929"]
[PlyCount "86"]
[EventDate "2011.02.20"]
[EventType "swiss"]
[EventRounds "7"]
[EventCountry "BRA"]
[SourceTitle "EXT 2022"]
[Source "ChessBase"]
[SourceDate "2021.10.06"]
[SourceVersion "1"]
[SourceVersionDate "2021.10.06"]
[SourceQuality "1"]

1. e4 e6 2. d4 d5 3. Nd2 b6 4. Ngf3 Nf6 5. e5 Nfd7 6. Bd3 Ba6 7. Nb3 c5 8. Bxa6 Nxa6 9. c3 cxd4 10. cxd4 Bb4+ 11. Bd2 Rc8 12. 0-0 Bxd2 13. Nbxd2 0-0 14. Qa4 Ndb8 15. Rac1 Qd7 16. Qa3 Rc7 17. b4 Rfc8 18. Rb1 Rc3 19. Rb3 Rxb3 20. Qxb3 b5 21. a3 Qc6 22. Qd3 h6 23. h3 Nd7 24. Nb3 Nb6 25. Rc1 Nc4 26. Na5 Qb6 27. Nd2 Nb8 28. f4 Nc6 29. Nxc6 Rxc6 30. Kh2 Nxd2 31. Rxc6 Qxc6 32. Qxd2 Qc4 33. Qb2 h5 34. h4 f6 35. g3 Kf7 36. Kg2 Qd3 37. Kf2 Kg6 38. Qe2 Qxd4+ 39. Qe3 Qxe3+ 40. Kxe3 Kf5 41. Kf3 d4 42. exf6 gxf6 43. g4+ hxg4+ 0-1

[Event "Brasilia op"]
[Site "Brasilia"]
[Date "2011.01.25"]
[Round "5"]
[White "Oliveira, Jose Irio Rodrigues"]
[Black "Reis, Ernesto Guevara"]
[Result "1/2-1/2"]
[WhiteElo "1929"]
[BlackElo "1926"]
[PlyCount "124"]
[EventDate "2011.01.18"]
[EventType "swiss"]
[EventRounds "6"]
[EventCountry "BRA"]
[SourceTitle "CBM 140 Extra"]
[Source "ChessBase"]
[SourceDate "2011.03.01"]
[SourceVersion "1"]
[SourceVersionDate "2011.03.01"]
[SourceQuality "1"]

1. c4 e6 2. d4 d5 3. Nc3 Be7 4. Nf3 c6 5. a4 Nd7 6. a5 Ngf6 7. Bg5 0-0 8. e3 Bb4 9. Qa4 c5 10. dxc5 Bxc3+ 11. bxc3 Nxc5 12. Qc2 Nce4 13. cxd5 exd5 14. Bd3 Nxg5 15. Nxg5 h6 16. Nf3 Bg4 17. Nd4 Qc7 18. h3 Bd7 19. 0-0 Rac8 20. Rfc1 a6 21. Qb3 Ne4 22. Qxd5 Nc5 23. Bc2 Rfd8 24. Qf3 Qe5 25. Rab1 Bc6 26. Qf5 Qxf5 27. Nxf5 Rc7 28. Rd1 Rxd1+ 29. Rxd1 Be4 30. Rd8+ Kh7 31. Bxe4 Nxe4 32. c4 Rxc4 33. Rd7 Rc5 34. g4 Kg6 35. Rxb7 Rxa5 36. Rb6+ f6 37. Rb7 Kh7 38. Rxg7+ Kh8 39. Re7 Ra1+ 40. Kg2 Nc3 41. Nxh6 a5 42. g5 fxg5 43. Nf7+ Kg7 44. Nxg5+ Kf6 45. Rc7 Nd1 46. Rc5 a4 47. Ne4+ Ke6 48. h4 Ra2 49. Kf3 a3 50. h5 Rb2 51. h6 a2 52. Ra5 Kf7 53. h7 Kg7 54. Ra7+ Kh8 55. Ng5 Rxf2+ 56. Kg3 Rf8 57. e4 Nc3 58. e5 Nd5 59. Rxa2 Ne7 60. Ra7 Nc6 61. Rc7 Nxe5 62. Kh4 Nf3+ 1/2-1/2

[Event "Brazil Xadrez Brasil op"]
[Site "Brazil"]
[Date "2010.11.15"]
[Round "7"]
[White "Oliveira, Jose Irio Rodrigues"]
[Black "Baeta, Marcio Netto"]
[Result "0-1"]
[WhiteElo "1601"]
[BlackElo "2221"]
[PlyCount "58"]
[EventDate "2010.11.12"]
[EventType "swiss"]
[EventRounds "7"]
[EventCountry "BRA"]
[SourceTitle "EXT 2013"]
[Source "ChessBase"]
[SourceDate "2012.11.22"]
[SourceVersion "1"]
[SourceVersionDate "2012.11.22"]
[SourceQuality "1"]

1. c4 e5 2. Nc3 Nf6 3. g3 d5 4. cxd5 Nxd5 5. Bg2 Be6 6. Nf3 Nc6 7. a3 Be7 8. d3 0-0 9. 0-0 f6 10. Bd2 Qd7 11. Qc2 Nxc3 12. bxc3 Rad8 13. Rfd1 Na5 14. c4 Nc6 15. a4 a5 16. Rab1 Bb4 17. Bxb4 Nxb4 18. Qb3 Qf7 19. Nd2 c5 20. Ne4 b6 21. h4 h6 22. Qc3 Rd7 23. Kh2 Rfd8 24. Nd2 Qh5 25. Bf3 Qf5 26. Rh1 Nxd3 27. Rxb6 Nxf2 28. Rxe6 Qh3+ 29. Kg1 Qxg3+ 0-1

[Event "Brazil Xadrez Brasil op"]
[Site "Brazil"]
[Date "2010.11.15"]
[Round "6"]
[White "Oliveira, Jose Irio Rodrigues"]
[Black "Rezende, Guilherme Vilela"]
[Result "1-0"]
[WhiteElo "1601"]
[BlackElo "1980"]
[PlyCount "95"]
[EventDate "2010.11.12"]
[EventType "swiss"]
[EventRounds "7"]
[EventCountry "BRA"]
[SourceTitle "EXT 2013"]
[Source "ChessBase"]
[SourceDate "2012.11.22"]
[SourceVersion "1"]
[SourceVersionDate "2012.11.22"]
[SourceQuality "1"]

1. c4 Nf6 2. Nc3 e5 3. g3 Bb4 4. Bg2 Nc6 5. Nd5 0-0 6. a3 Bc5 7. e3 a5 8. Ne2 Re8 9. 0-0 Nxd5 10. cxd5 Ne7 11. d4 exd4 12. Nxd4 d6 13. b3 Nf5 14. Bb2 Qf6 15. Re1 Nh6 16. Qc2 Qg5 17. Nb5 Re7 18. b4 Bb6 19. h4 Qg4 20. Rec1 Bf5 21. Qd1 Qxd1+ 22. Rxd1 Bc2 23. Rdc1 Bd3 24. bxa5 Bxa5 25. Nd4 Ng4 26. Rd1 Bg6 27. Rac1 Ne5 28. Bf1 Nd7 29. Rc4 Nb6 30. Rcc1 Nxd5 31. Nb5 Nf6 32. Bxf6 gxf6 33. Bg2 Rb8 34. Rd4 Bb6 35. Rf4 Kg7 36. g4 Rxe3 37. Nxc7 Rxa3 38. Nd5 Bc5 39. Nxf6 h6 40. Bd5 b5 41. h5 b4 42. hxg6 b3 43. Nd7 b2 44. Rb1 Ra1 45. Be4 f5 46. Rxf5 Rxb1+ 47. Bxb1 Rc8 48. Rf7+ 1-0